Statistiken für Süßes und Nascherei

Klicken Sie hier um das Quiz zu spielen!

Allgemein

  • Dieses Quiz wurde 314 mal gespielt
  • Das Durchschnittsergebnis liegt bei 11 aus 15

Antwortstatistiken

Antwort% Korrekt
Eis
99%
Muffin
93%
Schokolade
89%
Gummibärchen
83%
Praline
81%
Butterkeks
80%
Donut
77%
Lolli
76%
Plätzchen
73%
Zimtstern
72%
Macaron
65%
Jelly Bean
63%
Brownie
59%
Rumkugel
50%
Weingummi
30%

Verteilung der Resultate

Perzentil nach korrekt beantworteten Fragen

Anzahl Personen mit jedem Resultat

Ihre Resultats-Entwicklung

Sie haben dieses Quiz noch nicht gespielt